Report of the Comptroller and Auditor General of India, Jharkhand (Civil) (Record no. 486744)

000 -LEADER
fixed length control field 00517cam a22001217a 4500
008 - FIXED-LENGTH DATA ELEMENTS--GENERAL INFORMATION
fixed length control field 180718b-- xxu||||| |||| 00| 0 eng d
082 ## - DEWEY DECIMAL CLASSIFICATION NUMBER
Classification number L906x54131 C
245 ## - TITLE STATEMENT
Title Report of the Comptroller and Auditor General of India, Jharkhand (Civil)
Statement of responsibility, etc. by Comptroller and Auditor General of India, Jharkhand
260 ## - PUBLICATION, DISTRIBUTION, ETC.
Place of publication, distribution, etc. Ranchi
Name of publisher, distributor, etc. Comptroller and Auditor General of India
Date of publication, distribution, etc. --
500 ## - GENERAL NOTE
General note Library has 2001/02-2002/03, 2004/05
650 ## - SUBJECT ADDED ENTRY--TOPICAL TERM
Topical term or geographic name entry element Auditing - India - Jharkhand
700 ## - ADDED ENTRY--PERSONAL NAME
Personal name Jharkhand. Comptroller and Auditor General of India
Holdings
Withdrawn status Lost status Damaged status Not for loan Permanent Location Current Location Date acquired Full call number Barcode Date last seen Price effective from Koha item type
        Indian Institute of Public Administration Indian Institute of Public Administration 2018-08-04 L906x54131 C GG28663 2018-08-04 2018-08-04 GG
        Indian Institute of Public Administration Indian Institute of Public Administration 2018-08-04 L906x54131 C GG28662 2018-08-04 2018-08-04 GG
        Indian Institute of Public Administration Indian Institute of Public Administration 2018-08-04 L906x54131 C GG27776 2018-08-04 2018-08-04 GG
        Indian Institute of Public Administration Indian Institute of Public Administration 2018-08-04 L906x54131 C GG27775 2018-08-04 2018-08-04 GG
        Indian Institute of Public Administration Indian Institute of Public Administration 2018-08-04 L906x54131 C GG27117 2018-08-04 2018-08-04 GG
        Indian Institute of Public Administration Indian Institute of Public Administration 2018-08-04 L906x54131 C GG27116 2018-08-04 2018-08-04 GG

Powered by Koha